000 00316nam a2200133Ia 4500
005 20260328104345.0
008 260328s9999||||xx |||||||||||||| ||und||
100 _aPadura, Leonardo
245 0 _aPaisaje de OtoƱo /
_cLeonardo Padura
260 _bTusquets
300 _a26 p.
650 _aNOVELAS
942 _cBK
999 _c12289
_d12289